000 00555nam a2200217 a 4500
001 0001-2042
003 ELIB.Books
008 190705 2010 eng
020 _aKBTS
092 _a252
_bCha
100 _aChappell, Clovis G.
245 _aSermons on Biblical Characters
260 _aChennai
_bEvangelical Lterature Service
_c2012
300 _a194
_c18 Cm
650 _aSermons
856 _nKBTS Library
_uKBTS Elib
942 _2ddc
_cBK
990 _a1
998 _aEnglishbooks.elf
_ccat
_e2019-07-05
999 _c12042
_d12042